000 00715nam a2200289Ia 4500
005 20260324114039.0
008 008 260324s9999 xx 000 0 eng d
020 _a9781003292180
037 _aEBOOK
040 _aCRL
040 _beng
040 _cCRL
041 _2eng
041 _aeng
084 _qCRL
100 _aBrittany N. Anderson; Shaquinta L. Richardson
_91149216
245 0 _aGifted Black Women Navigating the Doctoral Process
245 0 _bSister Insider
260 _bTaylor and Francis
260 _c2023
365 _a
365 _b230
856 _uhttp://www.taylorfrancis.com/books/9781003292180
942 _cEBOOK
999 _c1739186
_d1739186